00451nam a2200169Ia 4500003000400000005001700004008004100021020001800062040000700080041000800087082001700095100002300112245007700135260004000212300001600252365001300268OSt20230417105439.0210423s2010 xx 000 0 und d a9788130906492 cAL aeng a809.935 BLOH aBLOOM (Harold),Ed. aViva modern critical interpretations William Shakespeares Julius Caesar. aNew DelhibViva Books Pvt Ltdc2010 avii,144bPB b125cINR